| 000 | 00662 a2200145 4500 | ||
|---|---|---|---|
| 999 |
_c332438 _d332438 |
||
| 003 | NUST | ||
| 005 | 20171206093617.0 | ||
| 008 | 171206b xxu||||| |||| 00| 0 eng d | ||
| 020 | _a8120317297 | ||
| 040 | _c0 | ||
| 082 | _a631.587 MAJ | ||
| 100 |
_aMajumdar, Dilip Kumar _96955 |
||
| 245 |
_aIrrigation Water Management : _cDilip Kumar Majumdar _b principles and practice |
||
| 260 |
_aNew Delhi : _bPrentice Hall of India Private Limited _c2002. |
||
| 300 |
_axii, 487p. : _bill ., ; _c25 cm |
||
| 500 | _aP.B | ||
| 650 |
_aIrrigation Water Management -- Principles and Practice _96956 |
||
| 942 |
_2ddc _cBK _kIESE |
||